00464nam a2200145Ia 4500003000900000008004100009040001600050080001600066100002800082245011000110260003400220300001400254650002800268650002200296IN-BaIIA211028s9999 xx 000 0 eng d cIIA Library a535.33bKOV aKovesligethy, Rudolf V. 0aGrundzuge einer theoretischen spektralanalysecRudolf V. Kovesligethy  aHallebDruck Und Verlagc1890 axi, 327p. aAstronomical Techniques aSpectral Analysis